<?xml version="1.0" encoding="UTF-8"?>
<record
    xmlns:xsi="http://www.w3.org/2001/XMLSchema-instance"
    xsi:schemaLocation="http://www.loc.gov/MARC21/slim http://www.loc.gov/standards/marcxml/schema/MARC21slim.xsd"
    xmlns="http://www.loc.gov/MARC21/slim">

  <leader>00257nam a22001097a 4500</leader>
  <datafield tag="040" ind1=" " ind2=" ">
    <subfield code="c">SK</subfield>
  </datafield>
  <datafield tag="082" ind1=" " ind2=" ">
    <subfield code="a">631</subfield>
  </datafield>
  <datafield tag="100" ind1=" " ind2=" ">
    <subfield code="a">&#x179F;&#x17BD;&#x179F; &#x1785;&#x17C6;&#x178E;&#x17B6;&#x1793;</subfield>
  </datafield>
  <datafield tag="245" ind1=" " ind2=" ">
    <subfield code="a">IRRIGATION;&#x200B;&#x1780;&#x17B6;&#x179A;&#x179F;&#x17D2;&#x179A;&#x17C4;&#x1785;&#x179F;&#x17D2;&#x179A;&#x1796;</subfield>
  </datafield>
  <datafield tag="260" ind1=" " ind2=" ">
    <subfield code="a">RUA</subfield>
    <subfield code="b">&#x179F;&#x17BD;&#x179F;</subfield>
    <subfield code="c">2011</subfield>
  </datafield>
  <datafield tag="942" ind1=" " ind2=" ">
    <subfield code="c">KB</subfield>
  </datafield>
  <datafield tag="999" ind1=" " ind2=" ">
    <subfield code="c">9529</subfield>
    <subfield code="d">9529</subfield>
  </datafield>
  <datafield tag="952" ind1=" " ind2=" ">
    <subfield code="0">0</subfield>
    <subfield code="1">0</subfield>
    <subfield code="4">0</subfield>
    <subfield code="6">631_000000000000000_&#x179F;&#x17BD;&#x179F;_2011</subfield>
    <subfield code="7">0</subfield>
    <subfield code="9">51531</subfield>
    <subfield code="a">LBC</subfield>
    <subfield code="b">LBC</subfield>
    <subfield code="d">2016-09-02</subfield>
    <subfield code="o">631 &#x179F;&#x17BD;&#x179F; 2011</subfield>
    <subfield code="p">RUA44161</subfield>
    <subfield code="r">2016-09-02</subfield>
    <subfield code="w">2016-09-02</subfield>
    <subfield code="y">KB</subfield>
  </datafield>
  <datafield tag="952" ind1=" " ind2=" ">
    <subfield code="0">0</subfield>
    <subfield code="1">0</subfield>
    <subfield code="4">0</subfield>
    <subfield code="6">631_000000000000000_&#x179F;&#x17BD;&#x179F;_2011C252</subfield>
    <subfield code="7">0</subfield>
    <subfield code="9">51532</subfield>
    <subfield code="a">LBC</subfield>
    <subfield code="b">LBC</subfield>
    <subfield code="c">C252</subfield>
    <subfield code="d">2016-09-02</subfield>
    <subfield code="o">631 &#x179F;&#x17BD;&#x179F; 2011C252</subfield>
    <subfield code="p">A01257</subfield>
    <subfield code="r">2016-09-02</subfield>
    <subfield code="y">KB</subfield>
  </datafield>
  <datafield tag="952" ind1=" " ind2=" ">
    <subfield code="0">0</subfield>
    <subfield code="1">0</subfield>
    <subfield code="4">0</subfield>
    <subfield code="6">631_000000000000000_&#x179F;&#x17BD;&#x179F;_2011_C252</subfield>
    <subfield code="7">0</subfield>
    <subfield code="9">51533</subfield>
    <subfield code="a">LBC</subfield>
    <subfield code="b">LBC</subfield>
    <subfield code="c">C252</subfield>
    <subfield code="d">2016-09-02</subfield>
    <subfield code="o">631 &#x179F;&#x17BD;&#x179F; 2011 C252</subfield>
    <subfield code="p">A01405</subfield>
    <subfield code="r">2016-09-02</subfield>
    <subfield code="y">KB</subfield>
  </datafield>
</record>
